| 000 | 01041nam a22003137a 4500 | ||
|---|---|---|---|
| 001 | BR7705600 | ||
| 003 | BR-BrBNA | ||
| 005 | 20230928085451.0 | ||
| 007 | ta | ||
| 008 | 230509b bl.||||| |||| 00| 0 por d | ||
| 040 |
_aBR-BrBNA _bpor _cBiblioteca Nacional de Agricultura |
||
| 041 | _a(Por) | ||
| 072 |
_aE10; E30 _b/G514 |
||
| 090 | _ E10 BR7705600 | ||
| 110 | 1 |
_aFundacao Joao Pinheiro, Belo Horizonte, MG (Brasil) _94974 |
|
| 245 | 1 |
_aMicro-Regiao do Vale do Paraibuna [economia, desenvolvimento economico, Minas Gerais, Brasil] _bEstudo preliminar |
|
| 260 | 3 |
_aBelo Horizonte, MG (Brasil): _c[nd]. |
|
| 300 | _av. 1 | ||
| 500 | _aPublished 1976? (*) Documento disponível na(o) Fundacao Joao Pinheiro, Belo Horizonte, MG (Brazil) | ||
| 650 | _aDESENVOLVIMENTO ECONOMICO | ||
| 650 | _aDESENVOLVIMENTO RURAL | ||
| 650 | _aCOMERCIALIZACAO | ||
| 650 | _aECONOMIA AGRICOLA | ||
| 650 | _aPRODUTO AGRICOLA | ||
| 650 | _aVALE DO PARAIBUNA | ||
| 650 | _aMINAS GERAIS | ||
| 909 |
_a202309 _bLucia _c55 _dLucia Elande |
||
| 942 | _cBK | ||
| 999 |
_c24579 _d24579 |
||